00339nam a2200121Ia 4500008004100000020001800041041000800059082003100067100003800098245003000136260004200166300000900208230411s9999 xx 000 0 und d a1-56053-450-8 aeng aS/610.73677/OMA/KOZ/B01806 aLinda Oman Kathleen & Koziol Jane aEmergency Nursing Secrets bHanley and BelfusaPhiladelphiac2001 a272p